Представление документа в формате MARC21

ПолеНазваниеЗначение
  Тип записи a
  Библиографический уровень m
001 Контрольный номер RU\infra-m\znanium\bibl\1875207
005 Дата корректировки 20230313235249.4
008 Кодируемые данные 220525s2022 RU g rus u
020 Индекс ISBN __
a ISBN 978-5-906818-03-4
020 Индекс ISBN __
a ISBN 978-5-16-103621-1
020 Индекс ISBN __
a ISBN 978-5-16-011380-7
040 Источник каталогиз. __
a Служба первич. каталог. Общество с ограниченной ответственностью «ЗНАНИУМ»
041 Код языка издания __
a Код языка текста rus
044 Код страны публикации __
a Код страны публикации RU
080 Индекс УДК __
a Индекс УДК 636.035(075.8)
084 Индекс другой классификации/Индекс ББК __
2 Источник индекса rubbk
a Индекс другой классификации/Индекс ББК 46.6я73
084 Индекс другой классификации/Индекс ББК __
2 Источник индекса okso
a Индекс другой классификации/Индекс ББК 36.04.02
084 Индекс другой классификации/Индекс ББК __
2 Источник индекса okso
a Индекс другой классификации/Индекс ББК 35.03.07
084 Индекс другой классификации/Индекс ББК __
2 Источник индекса okso
a Индекс другой классификации/Индекс ББК 36.03.02
100 Автор __
a Автор Чикалев Александр Иванович
q Полное имя Александр Иванович
245 Заглавие __
a Заглавие Производство и переработка продукции животноводства
b Продолж. заглавия Учебник
c Ответственность Горно-Алтайский государственный университет; Российский государственный аграрный университет - МСХА им. К.А. Тимирязева
250 Сведения об издании __
a Основные сведения об издании 1
260 Выходные данные __
a Место издания Москва
b Издательство ООО "КУРС"
c Дата издания 2022
300 Физическое описание __
a Объем 188 с.
440 Серия __
a Серия Высшее образование: Бакалавриат
520 Аннотация __
a Аннотация В книге освещены вопросы разведения кормления зоогигиены животных технология производства продукции скотоводства свиноводства овцеводства козоводства коневодства птицеводства переработка молока мяса шерсти и пуха.
521 Примеч. о цел. назн. __
a Примеч. о целев. назн. ВО - Бакалавриат
650 Тематические рубрики __
a Основная рубрика Сельское хозяйство
x Основная подрубрика Заготовка, хранение и переработка сельскохозяйственного сырья
700 Другие авторы __
a Другие авторы Юлдашбаев Юсупжан Артыкович
q Полное имя Юсупжан Артыкович
856 Электронный адрес документа 4_
a Имя сервера/домена znanium.com
m Помощь ebs_support@infra-m.ru
n Местонахождение сервера НИЦ ИНФРА-М
u URL https://znanium.com/catalog/document?id=414089
856 Электронный адрес документа 41
a Имя сервера/домена znanium.com
d Путь /cover/1875
f Электронное имя 1875207.jpg
q Тип электронного формата image/jpeg
u URL https://znanium.com/cover/1875/1875207.jpg
911 __
u 0030=https://znanium.com/catalog/document?id=414089
911 __
u 608a=Учебник
u 6082=local
911 __
u 712a=Российский государственный аграрный университет - МСХА им. К.А. Тимирязева
911 __
u 9035=207
911 __
u 951p=s://znanium.com/catalog/document?id=414089&pid=